| 000 | 01364cam a2200349 a 4500 | ||
|---|---|---|---|
| 001 | EDZ0000071990 | ||
| 003 | StDuBDS | ||
| 005 | 20161031105146.0 | ||
| 006 | m||||||||d|||||||| | ||
| 007 | cr ||||||||||| | ||
| 008 | 120412s2006 enka fo| 001|0|eng d | ||
| 020 |
_a9781446214220 (ebook) : _cNo price |
||
| 040 |
_aStDuBDS _beng _cStDuBDS _epn |
||
| 049 | _aAlfaisal Main Library | ||
| 050 | 0 |
_aTS155 _b.H645 2006 |
|
| 082 | 0 | 4 |
_a658 _223 |
| 100 | 1 | _aHollins, Bill. | |
| 245 | 1 | 0 |
_aManaging service operations _h[electronic resource] : _bdesign and implementation / _cBill Hollins and Sadie Shinkins. |
| 260 |
_aLondon : _bSAGE, _c2006. |
||
| 300 |
_a1 online resource (xii, 299 p.) : _bill. |
||
| 504 | _aIncludes bibliographical references and index. | ||
| 520 | 8 | _aReaders are introduced to the main differences between managing services to managing products & given a concise induction into the core principles of operations management. | |
| 521 | _aSpecialized. | ||
| 588 | _aDescription based on print version record. | ||
| 650 | 0 |
_aService industries _xManagement. |
|
| 655 | 7 |
_aElectronic books. _2local |
|
| 700 | 1 | _aShinkins, Sadie. | |
| 710 | 2 | _aSage eBooks | |
| 776 | 0 | 8 |
_iPrint version : _z9781412929530 |
| 856 | 4 | 0 | _uhttp://ezproxy.alfaisal.edu/login?url=http://sk.sagepub.com/books/managing-service-operations |
| 942 |
_2lcc _cEBOOKS |
||
| 999 |
_c480588 _d480588 |
||